000 00326nam a2200145Ia 4500
100 _aGayakwad/R.A
250 _a4
942 _cBK
654 _aop
245 _aOp Amps and Linear Integrated Circuits
260 _bPrentice Hall of India
_aNew Delhi
_c2000
082 _a621.3815
_bGAY
300 _a543
546 _aENGLISH
999 _c18589
_d18589